Logo BPK

Biblioteka

Politechniki Koszalińskiej

Stahlhochbau. (Rekord nr 11888)

Szczegóły MARC
000 -ETYKIETA REKORDU
podpole kontrolne o stałej długości 00292nam a2200133 i 4500
001 - NUMER KONTROLNY REKORDU
pole kontrolne bg
040 ## - ŹRÓDŁO KATALOGOWANIA
Instytucja, która utworzyła rekord BPK
041 ## - KOD JĘZYKA
Kod języka tekstu pol
008 - POLE O STAŁEJ DŁUGOŚCI - DANE KONTROLNE
podpole kontrolne o stałej długości s pl f |000 0 pol
100 1# - NAZWA OSOBOWA
Nazwa osobowa THIELE, A.
245 10 - TYTUŁ/ODPOWIEDZIALNOŚĆ
Tytuł Stahlhochbau.
Oznaczenie części/sekcji dzieła T.2 /
Pozostałe elementy strefy tytułu i oznaczenia odpowiedzialności A. Thiele.
260 ## - STREFA ADRESU WYDAWNICZEGO
Miejsce wydania Stuttgard,
Data publikacji, dystrybucji/powstania dokumentu 1967.
856 ## - LOKALIZACJA I DOSTĘP DO ELEKTRONICZNYCH DOKUMENTÓW ZDALNYCH
Link (URL) http://koha.tu.koszalin.pl/cgi-bin/koha/opac-detail.pl?biblionumber=11888
Tekst linku Katalog online BPK
942 ## - DODATKOWE ELEMENTY (KOHA)
Typ dokumentu Książka
Egzemplarze
Wycofany Status egzemplarza Uszkodzony Dostępność Lokalizacja stała Lokalizacja bieżąca Miejsce przechowywania Sygnatura Kod kreskowy Typ dokumentu
      Dostępny Biblioteka Politechniki Koszalińskiej Biblioteka Politechniki Koszalińskiej Wypożyczalnia BG 5731 02209333 Książka
      Dostępny Biblioteka Politechniki Koszalińskiej Biblioteka Politechniki Koszalińskiej Wypożyczalnia BG 5732 02209326 Książka
© 2023 Biblioteka Politechniki Koszalińskiej :: KOHA